Warhammer 40k Primarchs - Sudden Death - Statistics

General Stats
  • This quiz has been taken 706 times
  • The average score is 13 of 17
Answers on the Grid
Answers color-coded by a green-red scale on the quiz's grid according to % correct below.
Lion El'Jonson
Fulgrim
Perturabo
Jaghatai Khan
Leman Russ
Rogal Dorn
Konrad Curze
Sanguinius
Ferrus Manus
Angron
Roboute Guilliman
Mortarion
Magnus the Red
Horus Lupercal
Lorgar Aurelian
Vulkan
Corvus Corax
Abbadon
Erebus
Malcador
Garviel Loken
Demetrian Titus
Ahzek Ahriman
Logan Grimnar
Gregor Eisenhorn
Ibram Gaunt
Ciaphus Cain
Fabius Bile
Kaela Mensha Kaine
Kharn the Betrayer
 
Answer Stats
Answer % Correct
Roboute Guilliman
85%
Lion El'Jonson
82%
Fulgrim
81%
Magnus the Red
81%
Sanguinius
81%
Vulkan
81%
Horus Lupercal
79%
Jaghatai Khan
79%
Angron
78%
Corvus Corax
78%
Ferrus Manus
78%
Leman Russ
78%
Mortarion
78%
Rogal Dorn
78%
Perturabo
76%
Konrad Curze
75%
Lorgar Aurelian
70%
No matching quizzes found
Score Distribution
Percent of People with Each Score
Percentile by Number Answered
Your Score History
You have not taken this quiz